300 Sermon outlines on the New Testament. (Record no. 4963)

000 -LEADER
fixed length control field 00632nam a2200193 a 4500
001 - CONTROL NUMBER
control field :::00002704$&:&@@
003 - CONTROL NUMBER IDENTIFIER
control field OkBaRHE
005 - DATE AND TIME OF LATEST TRANSACTION
control field 20000607103256.0
008 - FIXED-LENGTH DATA ELEMENTS--GENERAL INFORMATION
fixed length control field s1956 j 000 0 eng u
040 ## - CATALOGING SOURCE
Transcribing agency
100 1# - MAIN ENTRY--PERSONAL NAME
Personal name Nicoll, W. Robertson, (William Robertson),
245 10 - TITLE STATEMENT
Title 300 Sermon outlines on the New Testament.
260 ## - PUBLICATION, DISTRIBUTION, ETC. (IMPRINT)
Place of publication, distribution, etc Grand Rapids, MI., :
Name of publisher, distributor, etc Baker Book House
Date of publication, distribution, etc 1956
300 ## - PHYSICAL DESCRIPTION
Extent 279 p. ;
Dimensions 20 cm.
650 ## - SUBJECT ADDED ENTRY--TOPICAL TERM
Topical term or geographic name as entry element Bible New Testament
General subdivision Sermons
-- Outlines
650 ## - SUBJECT ADDED ENTRY--TOPICAL TERM
Topical term or geographic name as entry element Sermons
General subdivision Outlines
942 ## - ADDED ENTRY ELEMENTS (KOHA)
Source of classification or shelving scheme
Koha item type Books
Copies
Date acquired Full call number Source of classification or shelving scheme Withdrawn status Koha item type Price effective from Damaged status Date last seen Permanent Location Shelving location Not for loan Barcode Copy number Lost status
2010-04-14BS 2335 .N488  Books2010-04-14 2018-03-16RHEMA Bible Training CollegeGeneral Stacks 27041